000
00253nam a22000977a 4500
008
160506b xxu||||| |||| 00| 0 eng d
041
_a
eng
080
_a
61
245
_a
Ndihma e parë:
_c
Basri Lenjani; Nexhbedin Karemani; Fatmir Ismaili;
942
_2
udc
_c
BK
999
_c
1860
_d
1860